| 000 | 01953cam a22002174a 4500 | ||
|---|---|---|---|
| 005 | 20250605164150.0 | ||
| 008 | 250528s ||||||||||||||||||||||||d | ||
| 035 | _a19330 | ||
| 020 | _a960351232 | ||
| 040 |
_aGR-AtMCL _bgre _dGR-AtMCL _eAACR2 |
||
| 245 | 1 | _aΠρογραμματισμός Δράσεως Επιχειρήσεων | |
| 250 | _a1η | ||
| 260 |
_bΣταμούλης Α, _c2001 |
||
| 300 | _a400 | ||
| 520 | _aΠρόλογος, Εισαγωγή στα Στάδια της Διαδικασίας του Στρατηγικού Προγραμματισμού, Εισαγωγή στο Στρατηγικό Προγραμματισμό, Εξωτερικό Περιβάλλον της Επιχείρησης Ανάλυση και Διάγνωση του, Ανάλυση του Εσωτερικού Περιβάλλοντος της Επιχείρησης, Προβλέψεις των Εξωτερικών και Εσωτερικών Συνθηκών της Επιχείρησης, Ανάπτυξη Δυνάνεων - Αδυναμιών και Ευκαιριών - Απειλών (Swot Analysis), Καθορισμός Στόχων, Εναλλακτικές Στρατηγικές, Αξιολόγηση Εναλλακτικών Στρατηγικών, Επιλογή της Στρατηγικής, Εφαρμογή και Έλεγχος Στρατηγικού Προγραμματισμού, Διαδικασία Εκτίμησης και Ελέγχου του Στρατηγικού Προγραμματισμού, Βραχυχρόνιος Προγραμματισμός, Στρατηγικά Επιχειρηματικά Σχέδια και Οικονομοτεχνικές Μελέτες, Γραμμικός Προγραμματισμός, Βιβλιογραφία. | ||
| 700 | 1 |
_aΚιόχος Πέτρος Δ _93322 |
|
| 700 | 1 |
_aΠαπανικόλαος Γεώργιος _95577 |
|
| 942 | _cBK | ||
| 999 |
_c4590 _d4590 |
||